000 00320nam a2200133 i 4500
001 bg
100 1 _aSZPUNAR, Adam
245 0 _aUstalenie odszkodowania w prawie cywilnym /
_cAdam Szpunar.
260 _aWarszawa,
_c1975.
040 _cBPK
041 _apol
942 _cKS
008 s pl f |000 0 pol
999 _c15947
_d15947
856 _uhttp://koha.tu.koszalin.pl/cgi-bin/koha/opac-detail.pl?biblionumber=15947
_yKatalog online BPK